All for Texas : a story of Texas Liberation /

After moving from Alabama to Texas in 1836, Jeff Byrd turns fourteen years old while fighting for Texas independence from Mexico and trying to sort out his friends from his enemies after a Hispanic family saves his life when the Mexican Army slaughters its prisoners during the Goliad Massacre.

Sparad:
Bibliografiska uppgifter
Huvudupphovsman: Wisler, G. Clifton
Materialtyp: Sách giấy
Publicerad: Lincolnwood, Ill. : Jamestown Publishers, 2000
Serie:Jamestown's American portraits
Ämnen:
Länkar:Table of contents
Publisher description
Taggar: Lägg till en tagg
Inga taggar, Lägg till första taggen!
Thư viện lưu trữ: Thư viện Trường Đại học Đà Lạt
LEADER 01757nam a2200445 4500
001 DLU060057178
005 ##20061206
008 ##000707s2000 ilub j 000 1 eng d
010 # # |a  00269653  
020 # # |a 0809205882 
020 # # |a 0809206293 (softbound) 
035 # # |a (OCoLC)ocm43191240 
040 # # |a XCX  |c XCX  |d DLC 
042 # # |a lcac  |a lccopycat 
050 # # |a PZ7+ 
082 # # |a 808.068  |b WI-G 
100 # # |a Wisler, G. Clifton 
245 # # |a All for Texas :  |b a story of Texas Liberation /  |c G. Clifton Wisler 
260 # # |a Lincolnwood, Ill. :  |b Jamestown Publishers,  |c 2000 
300 # # |a 140 p. :  |b map ;  |c 22 cm 
440 # # |a Jamestown's American portraits 
520 # # |a After moving from Alabama to Texas in 1836, Jeff Byrd turns fourteen years old while fighting for Texas independence from Mexico and trying to sort out his friends from his enemies after a Hispanic family saves his life when the Mexican Army slaughters its prisoners during the Goliad Massacre. 
650 # # |a Goliad Massacre, Goliad, Tex., 1836  |v Juvenile fiction. 
650 # # |a Frontier and pioneer life  |z Texas  |v Fiction. 
650 # # |a Goliad Massacre, Goliad, Tex., 1836  |v Fiction. 
650 # # |a Prejudices  |v Fiction. 
651 # # |a Texas  |x History  |y Revolution, 1835-1836  |v Juvenile fiction. 
651 # # |a Texas  |x History  |y Revolution, 1835-1836  |v Fiction. 
856 # # |3 Table of contents  |u http://www.loc.gov/catdir/toc/mh031/00269653.html 
856 # # |3 Publisher description  |u http://www.loc.gov/catdir/description/mh031/00269653.html 
923 # # |a 30/2006 
992 # # |a 7000 
994 # # |a DLU 
900 # # |a True 
911 # # |a Đào Thị Thu Huyền 
925 # # |a G 
926 # # |a A 
927 # # |a SH 
980 # # |a Thư viện Trường Đại học Đà Lạt